1647 1955 1882 1426 1561 1953 1860 1260 1334 1420 1335 1641 1914 1178 1840 1759 1244 1801 1259 1948 1358 1292 1997 1687 1722 1834 1437 1164 1908 1179 1886 1235 1650 1255 1263 1729 1103 1840 1575 1430 1633 1353 1738 1420 1860 1393 1536 1875 1665 1095 1333 1549 1846 1537 1916 1717 1230 1618 1587 1613 1638 1192 1635 1360 1197 1226 1279 1968 1164 1546 1471 1628 1333 1669 1284 1368 1287 1095 1627 1220 1910 1354 1222 1314 1827 1465 1124 2000 1338 1378 1950 1544 1306 1158 1093 1757 1826 1192 1434 BCNSPRNW ULIB Ver.6.0+V

เปลี่ยนเป็นภาษาไทย

Change to English
 แสดงรายละเอียดบรรณานุกรม
  กลับหน้าหลัก

Brief Record : Get Marc (ISO 2709) : E-mail record : QR code < ปิดหน้าต่าง
LEADER : 00000nam 2200000uu 4500
001    13399129074
003     ULIB
008    250605s2567||||th 000 0 tha d
020    ^a9786167741581
060    ^aWJ378^bธ211ก
100    ^aธนันดา ตระการวนิช,บรรณาธิการ
245    ^aการบำบัดทดแทนไตด้วยเทคนิคใหม่ = Remainder of title New techniques for renal replacement therapy/^cธนันดา ตระการวนิช,บรรณาธิการ
250    ^aพิมพ์ครั้งที่ 3
260    ^aกรุงเทพฯ :^bภาควิชาอายุรศาสตร์ คณะแพทยศาสตร์วชิรพยาบาล มหาวิทยาลัยนวมินทราธิราช,^c2567
300    ^a257 หน้า
650    ^aไต^xโรค
650    ^aRenal Replacement Therapy
945    ^p650^l0^i30560
945    ^p650^l0^i30561
999    ^aกัณชพร จุลอักษร
รายการนี้ยังไม่มีแท็ก
คุณยังไม่ได้ล็อกอิน คุณสามารถมีกิจกรรมร่วมกับเว็บไซต์ได้ แต่ต้องล็อกอินก่อน ::
  ล็อกอิน

รายการสื่อสารสนเทศ

ลำดับที่ ประเภท เลขเรียก/บาร์โค้ด สถานที่ สถานะ
1. วิทยาศาสตร์การแพทย์ และสุขภาพ
วิทยาศาสตร์การแพทย์ และสุขภาพ
WJ378 ธ211ก ฉ.1 
  Barcode: 30560
ห้องสมุดวิทยาเขตนครสวรรค์
►หนังสือทั่วไป:l:General Books
บนชั้น
2. วิทยาศาสตร์การแพทย์ และสุขภาพ
วิทยาศาสตร์การแพทย์ และสุขภาพ
WJ378 ธ211ก ฉ.2 
  Barcode: 30561
ห้องสมุดวิทยาเขตนครสวรรค์
►หนังสือทั่วไป:l:General Books
บนชั้น

รายการใกล้เคียง
    ผู้แต่ง [ธนันดา ตระการวนิช,บรรณาธิการ]

    หัวเรื่อง [ไต โรค]
    หัวเรื่อง [Renal Replacement Therapy]

BibComment


ยังไม่เคยถูกคอมเมนท์

คอมเมนท์ทรัพยากรรายการนี้
  คอมเมนท์: การบำบัดทดแทนไตด..


 Copyright 2026. Bcnsprnw @Library